000
00330nam a22001457a 4500
003
OSt
005
20220721092843.0
008
220318b |||||||| |||| 00| 0 eng d
020
_a
0789542668
040
_c
HU
082
_2
3rd
_a
004.27
100
_a
Cashman
_9
33426
245
_a
Systems Analysis & Design
942
_2
ddc
_c
BOOKS
_n
0
999
_c
33126
_d
33126